|
|
|
|
| LEADER |
00000cas a2200000 a 4500 |
| 001 |
vtls001372265 |
| 003 |
SK-MaSNL |
| 005 |
20260228155758.0 |
| 008 |
990913d19271928xo mr p 0 0b0slo |
| 035 |
|
|
|a SNK000326115
|
| 040 |
|
|
|a SNK
|b slo
|c SNK
|e AACR2
|
| 041 |
0 |
|
|a slo
|
| 044 |
|
|
|a xo
|c SK
|
| 072 |
|
7 |
|a 82
|x Literatúra. Literárny život
|2 konspekt
|
| 080 |
|
|
|a 82
|2 2011
|
| 080 |
|
|
|a 050
|2 2011
|
| 080 |
|
|
|a (051)
|2 2011
|
| 245 |
0 |
0 |
|a Strom
|b literárna revue
|
| 260 |
|
|
|a Košice
|b [s.n.]
|c 1927-1928
|f Slovakia, Černý a spol.
|
| 300 |
|
|
|a 2 zv.
|c 24 cm
|
| 310 |
|
|
|a 1x mesačne
|
| 362 |
0 |
|
|a Roč.1, č 1 (1927/28)-roč. 2, č. 3 (1928)
|
| 500 |
|
|
|a Zodpovedný redaktor: Ján. Š. Bálent
|
| 650 |
0 |
7 |
|a literatúra
|2 SNKPH
|9 1427
|
| 655 |
|
7 |
|a literárne časopisy
|2 SNKPH
|9 125450
|
| 700 |
1 |
|
|a Bálent, Ján Štefan,
|d 1906-1981
|4 lso
|9 264501
|
| 710 |
2 |
|
|a Slovakia, Černý a spol. (Košice, Slovensko)
|4 prt
|9 265314
|
| 910 |
|
|
|a snk
|
| 916 |
|
|
|a 1927/1928, 1928
|
| 999 |
|
|
|c 520
|d 520
|
| 952 |
|
|
|0 0
|1 0
|4 0
|7 0
|8 5
|a SNK
|b SNK
|d 2020-12-22
|i snkČSF 187/57
|l 0
|o snkČSC 171/2/1928 D1
|p 17A1077747
|r 2026-02-21 19:24:45
|t č. 1-3
|w 2026-02-21
|y PREZ
|
| 952 |
|
|
|0 0
|1 0
|4 0
|7 0
|a SNK
|b SNK
|d 1999-09-13
|f 1
|i snk 752/29
|l 0
|o snkČSC 171/1/1927-1928
|p 17A0210229
|r 2005-01-02 00:00:00
|t č. 1-6
|w 2026-02-21
|y PREZ
|
| 952 |
|
|
|0 0
|1 0
|4 0
|7 0
|8 5
|a SNK
|b SNK
|d 2003-07-11
|f 1
|i snkČSF 186/57
|l 0
|o snkČSC 171/2/1928
|p 17A0388164
|r 2005-01-02 00:00:00
|t č. 1-3
|w 2026-02-21
|y PREZ
|